000 00441cam a22001697 4500
001 ltf91066731
003 DLC
005 20260227111554.0
008 910628s1953 xx 000 0 ger
010 _altf91066731
040 _aDLC
_cDLC
_dDLC
050 0 0 _a4PT Ger 8104
100 1 _aBöhme, Günther,
_d1923-
245 1 4 _aDer Schriftsteller Theodor Häcker und die Philosophie der Gnade.
260 _a[n.p.]
_c1953.
300 _a71 l.
999 _c37657
_d37657